Lecciones instructivas sobre la historia y la geografía / (Record no. 156080)
[ view plain ]
| 000 -LEADER | |
|---|---|
| campo de control de longitud fija | 01091nam a22002295i 4500 |
| 001 - NÚMERO DE CONTROL | |
| campo de control | 156080 |
| 003 - IDENTIFICADOR DE NÚMERO DE CONTROL | |
| campo de control | ES-MaACL |
| 005 - FECHA Y HORA DE LA ÚLTIMA TRANSACCIÓN | |
| campo de control | 20250831072559.0 |
| 008 - DATOS DE LONGITUD FIJA--INFORMACIÓN GENERAL | |
| campo de control de longitud fija | 940202s1860 sp a |||| | spa d |
| 040 ## - FUENTE DE CATALOGACIÓN | |
| Centro catalogador/agencia de origen | CAM |
| Lengua de catalogación | spa |
| 100 1# - ENTRADA PRINCIPAL--NOMBRE DE PERSONA | |
| Nombre de persona | Iriarte, Tomás de ( |
| Fechas asociadas al nombre | 1750-1791) |
| 9 (RLIN) | 65443 |
| 245 10 - MENCIÓN DEL TÍTULO | |
| Título | Lecciones instructivas sobre la historia y la geografía / |
| Mención de responsabilidad, etc. | obra póstuma de Tomás de Iriarte... adornada con nueve estampas históricas y geográficas. |
| 250 ## - MENCION DE EDICION | |
| Mención de edición | 5ª ed. aumentada con un tratado de moral y, religion ; lecciones de historia eclesiástica y la de España hasta 1860 ; reformada la geografia política ; y adornada con 9 grabs. en madera, por D. Alejandro Gomez Ranera. |
| 260 ## - PUBLICACIÓN, DISTRIBUCIÓN, ETC. | |
| Lugar de publicación, distribución, etc. | Madrid : |
| Nombre del editor, distribuidor, etc. | [s.n.], |
| Fecha de publicación, distribución, etc. | 1860 ( |
| Fabricante | Imp. de Alejandro Gómez Fuentenebro) |
| 300 ## - DESCRIPCIÓN FÍSICA | |
| Extensión | VIII, 598 p., [1] map. ; |
| Dimensiones | 16 cm. |
| 650 07 - PUNTO DE ACCESO ADICIONAL DE MATERIA--TÉRMINO DE MATERIA | |
| Término de materia o nombre geográfico como elemento de entrada | Historia eclesiástica |
| Fuente del encabezamiento o término | embne |
| 9 (RLIN) | 13400 |
| 650 #4 - PUNTO DE ACCESO ADICIONAL DE MATERIA--TÉRMINO DE MATERIA | |
| Término de materia o nombre geográfico como elemento de entrada | España- |
| Subdivisión general | Historia. |
| 9 (RLIN) | 185483 |
| 650 #7 - PUNTO DE ACCESO ADICIONAL DE MATERIA--TÉRMINO DE MATERIA | |
| Término de materia o nombre geográfico como elemento de entrada | Geografía |
| Fuente del encabezamiento o término | embne |
| 9 (RLIN) | 13070 |
| 700 1# - ENTRADA AGREGADA--NOMBRE PERSONAL | |
| Nombre de persona | Gómez Ranera, Alejandro. |
| 9 (RLIN) | 127702 |
| 852 ## - LOCALIZACIÓN | |
| Ubicación | ES-MaACL |
| Número de control de estantería | D-3853 |
| Nota libre | -- Enc. pasta española |
| Estatus retirado | Estado de pérdida | Estado de daño | No para préstamo | Colección | Biblioteca de origen | Biblioteca actual | Ubicación en estantería | Fecha de adquisición | Fuente de adquisición | Total de préstamos | Signatura topográfica completa | Código de barras | Visto por última vez | Precio de reemplazo | Tipo de ítem Koha |
|---|---|---|---|---|---|---|---|---|---|---|---|---|---|---|---|
| Libros del s. XIX | Biblioteca del Ateneo de Madrid | Biblioteca del Ateneo de Madrid | Sala Valle Inclán | 17/01/2008 | D-3853 | 901163287 | 23/02/2023 | 23/02/2023 | Libro impreso antiguo |
